ბათუმის შოთა რუსთაველის სახელმწიფო უნივერსიტეტის ბიბლიოთეკა

თხზულებანი:ოთხ ტომად.ტ.1 (ბიბ.ჩანაწერი № 42608)

000 -LEADER
fixed length control field 01164nam a2200229Ia 4500
001 - CONTROL NUMBER
control field 9311
003 - CONTROL NUMBER IDENTIFIER
control field GE_BSU
008 - FIXED-LENGTH DATA ELEMENTS--GENERAL INFORMATION
fixed length control field 181216s||||||||xx |||||||||||||| ||und||
040 ## - CATALOGING SOURCE
Transcribing agency GE_BSU
080 ## - UNIVERSAL DECIMAL CLASSIFICATION NUMBER
Universal Decimal Classification number 821.353.1-32
100 ## - MAIN ENTRY--PERSONAL NAME
Personal name ლორთქიფანიძე,ნიკო
245 ## - TITLE STATEMENT
Title თხზულებანი:ოთხ ტომად.ტ.1
245 ## - TITLE STATEMENT
Remainder of title ტ.1:მოთხრობები,1905-1913
245 ## - TITLE STATEMENT
Statement of responsibility, etc. ბ.ჟღენტის შესავალი წერილით;სარედ.კოლეგია:გ.გვერდწითელი,მერაბ ლორთქიფანიძე, გივი მიქაძე და სხვ.ტომი გამოსაც.მოამზადა სოლომონ ყუბანეიშვილმა;ტომის რედ:გ.გვერდწითელი
260 ## - PUBLICATION, DISTRIBUTION, ETC.
Place of publication, distribution, etc. თბილისი.
260 ## - PUBLICATION, DISTRIBUTION, ETC.
Name of publisher, distributor, etc. საბჭ.საქართველო
260 ## - PUBLICATION, DISTRIBUTION, ETC.
Date of publication, distribution, etc. 1973
300 ## - PHYSICAL DESCRIPTION
Extent 515გვ;21სმ
300 ## - PHYSICAL DESCRIPTION
Other physical details 1ფ.პორტრ.
653 ## - INDEX TERM--UNCONTROLLED
Uncontrolled term თხზულებანი:ტ.1:მოთხრობები,1905-1913
942 ## - ADDED ENTRY ELEMENTS (KOHA)
Koha item type წიგნი
ეგზემპლარები
Withdrawn status Lost status Damaged status Not for loan Date acquired Barcode Date last seen Price effective from Koha item type Public note
        2018-12-17 32099 2018-12-17 2018-12-17 წიგნი  
        2018-12-17 22290 2018-12-17 2018-12-17 წიგნი აგრარული ტექ.ფაკ.